Lectures on the theory of group properties of differential equations

A concise introduction to the group-theoretical methods used in the study and solution of differential equations, based on Ovsyannikov's classic lectures.

Tallennettuna:
Bibliografiset tiedot
Päätekijä: Ovsyannikov, L. V
Muut tekijät: Ibragimov, Nail H.
Aineistotyyppi: Kirja
Kieli:Vietnamese
Julkaistu: Singapore World Scientific Publishing Company 2013
Aiheet:
Tagit: Lisää tagi
Ei tageja, Lisää ensimmäinen tagi!
Thư viện lưu trữ: Thư viện Trường Đại học Nam Cần Thơ
LEADER 00950nam a22002057a 4500
001 NCT_4_028508
008 251103b xxu||||| |||| 00| 0 vie d
999 |c 9425  |d 9425 
020 |a 9789814460811  |c $21 
082 0 4 |2 23rd ed.  |a 515.3  |b O96 
100 1 |a Ovsyannikov, L. V 
245 1 0 |a Lectures on the theory of group properties of differential equations  |c L V Ovsyannikov ; Nail H. Ibragimov (editor) 
260 |a Singapore   |b World Scientific Publishing Company  |c 2013 
300 |a 156 p.  |c 24 cm 
520 3 |a A concise introduction to the group-theoretical methods used in the study and solution of differential equations, based on Ovsyannikov's classic lectures. 
653 |a Toán học 
700 1 |a Ibragimov, Nail H. 
942 |2 ddc  |c BK 
952 |0 0  |1 0  |2 ddc  |4 0  |6 515_300000000000000_O96  |7 0  |9 31561  |a 000001  |b 000001  |d 2025-11-03  |o 515.3 O96  |p MD.24481  |r 2025-11-03  |v 21.00  |w 2025-11-03  |y BK 
980 |a Thư viện Trường Đại học Nam Cần Thơ